Countries Ending with IA (with a semi-empty map) - Statistics

General Stats
  • This quiz has been taken 1,745 times
  • The average score is 189 of 196
Answers on the Map
Answers color-coded by a green-red scale on the quiz's map according to % correct below.
 
Answer Stats
country % Correct
x
100%
Algeria
95%
Bolivia
94%
Colombia
94%
Russia
94%
Australia
92%
India
92%
Mongolia
92%
Austria
91%
Indonesia
91%
Saudi Arabia
91%
Slovakia
91%
Ethiopia
90%
Namibia
90%
Nigeria
90%
Zambia
90%
Romania
89%
Slovenia
89%
Tanzania
89%
Bulgaria
88%
Mauritania
88%
Serbia
88%
Croatia
86%
Albania
85%
Malaysia
83%
Somalia
82%
Latvia
79%
Lithuania
79%
Armenia
78%
Estonia
78%
Tunisia
78%
Macedonia
76%
Czechia
72%
Syria
70%
Cambodia
69%
Georgia
69%
Gambia
64%
Liberia
63%
Micronesia
52%
Saint Lucia
31%
No matching quizzes found
Score Distribution
Percent of People with Each Score
Percentile by Number Answered
Your Score History
You have not taken this quiz